| 000 | 00623nam a2200193 i 4500 | ||
|---|---|---|---|
| 001 | 58770 | ||
| 003 | ES-MaACL | ||
| 005 | 20240518063031.0 | ||
| 007 | t| | ||
| 008 | 031024s1918 sp ||||1| spa d | ||
| 080 | _a821.134.3-82"18" | ||
| 100 | 1 |
_aQueirós, Eça de, _d1845-1900 _994499 |
|
| 245 | 1 | 3 |
_aEl señor diablo / _cpor Eça de Queiroz ; traducción del portugués por A. González Blanco. |
| 260 |
_a[Madrid : _bs.n., _c1918] ( _fGráfica Excelsior) |
||
| 300 |
_a245 p. ; _c20 cm. |
||
| 700 | 1 |
_aGonzález-Blanco, Andrés, _d1886-1924 _958459 |
|
| 852 |
_aES-MaACL _jF-10941 |
||
| 999 |
_c58770 _d58770 |
||